Statistiken für Bezirke Österreichs nach Endung

Klicken Sie hier um das Quiz zu spielen!

Allgemein

  • Dieses Quiz wurde 92 mal gespielt
  • Das Durchschnittsergebnis liegt bei 32 aus 50

Antwortstatistiken

EndungBezirk% Korrekt
Siedl{Neu}siedl
96%
Birn{Dorn}birn
92%
Bühel{Kitz}bühel
90%
Stetten {Am}stetten
88%
Kirch{Feld}kirch
83%
Kirchen{Feld}kirchen
83%
Wart{Ober}wart
83%
Au{Mur}au
79%
Tal{Mur}tal
79%
BruckBruck
77%
Bruck{Inns}bruck
77%
Stadt{Wiener} {Neu}stadt
77%
Eck{Land}eck
75%
HeiligerSt. {Pölten}
75%
Bruck{Vöckla}bruck
75%
Burg{Salz}burg
73%
Markt {Völker}markt
73%
Furt{Klagen}furt
71%
Stadt{Eisen}stadt
69%
Fahr{Ur}fahr
69%
Weg{Tams}weg
67%
Dorf{Kirch}dorf
65%
HeiligerSankt {Johann}
65%
Brunn{Holla}brunn
63%
Stadt{Frei}stadt
60%
Stein{Kuf}stein
60%
Berg{Wolfs}berg
60%
Dorf {Gänsern}dorf
58%
Bach{Mistel}bach
58%
Kirchen{Neun}kirchen
58%
Berg{Deutschlands}berg
56%
Feld{Hartberg}-{Fürsten}feld
56%
HeiligeSankt {Veit}
56%
Feld{Lilien}feld
54%
Dorf {Oberpullen}dorf
54%
Bach{Rohr}bach
54%
Mark{Südoststeier}mark
54%
Au{Braun}au
52%
Burg{Matters}burg
52%
Ach{Vill}ach
52%
Hofen{Waid}hofen
52%
Hofen{Waid}hofen
52%
Ding{Efer}ding
50%
Schlag{Bruck}-{Mürzzu}schlag
48%
Dorf{Jenners}dorf
48%
Burg{Korneu}burg
48%
Ding{Schär}ding
48%
Kirchen {Gries}kirchen
40%
Tal{Spit}tal
35%
Berg{Voits}berg
33%

Verteilung der Resultate

Perzentil nach korrekt beantworteten Fragen

Anzahl Personen mit jedem Resultat

Ihre Resultats-Entwicklung

Sie haben dieses Quiz noch nicht gespielt